000 00818nam a2200229 i 4500
001 bg
100 1 _aKUCIEL, Stanisław
245 1 0 _aSprawozdania do ćwiczeń laboratoryjnych z wytrzymałości materiałów :
_bpomoc dydaktyczna /
_cStanisław Kuciel, Stanisław Mazurkiewicz ; Politechnika Krakowska im. Tadeusza Kościuszki.
260 _aKraków :
_bPK,
_c2000.
300 _a64 s. :
_bil. ;
_c30 cm.
650 9 _aWytrzymałość materiałów
_xbadanie
_xmetody
655 _aĆwiczenia i zadania dla szkół wyższych
700 1 _aMAZURKIEWICZ, Stanisław
710 0 _aPolitechnika Krakowska im. Tadeusza Kościuszki
020 _a8372420920
040 _cBPK
041 0 _apl
080 _a620.17(075.8)(076)
920 _a83-7242-092-0
942 _cKS
008 s pl f |000 0 pol
999 _c37681
_d37681
856 _uhttp://koha.tu.koszalin.pl/cgi-bin/koha/opac-detail.pl?biblionumber=37681
_yKatalog online BPK